000 00668nam a22002177a 4500
003 0
005 20241026082041.0
008 241026b xxu||||| |||| 00| 0 eng d
020 _a9781394236152
050 _aQA 76.73
_b.Sh56 2024
100 _aShovic, John C.,
_eauthor.
245 _aPython all-in-one for dummies /
_cby John C. Shovic and Alan Simpson.
250 _a3rd ed.
260 _aHoboken, NJ :
_bJohn Wiley & Sons, Inc.,
_c2024.
300 _axviii, 682 p. :
_bill. ;
_c24 cm.
504 _aIncludes index.
650 _aPython (Computer program language).
650 _aComputer programming.
700 _aSimpson, Alan,
_eauthor.
942 _2lcc
_cBK
999 _c366614
_d366614